000 00699nam a2200205Ia 4500
005 20251020182617.0
008 200515s9999 xx 000 0 und d
082 _aSC/696.1/L51
100 _aLESUR, Luis
245 0 _aManual de plomería
260 _aMéxico, D.F.
260 _cs.a.
300 _a160
520 _aDescribe, a través de numerosas ilustraciones, fotografías, diagramas y planos de conexiones, las distintas instalaciones que requiere una casa: sistemas de agua y drenaje, gas, aparatos domésticos, muebles sanitarios y otros, que utilizan tuberías
650 _aINSTALACIONES ELECTRICAS
650 _aMANUALES
650 _aPVC
650 _aTUBERIAS
942 _cLIB
999 _c3543
_d3543